[Event "ch-USA Girls 2025"]
[Site "Saint Louis USA"]
[Date "2025.07.15"]
[Round "1.1"]
[White "Paragua, Megan Althea"]
[Black "Li, Rachael"]
[Result "1/2-1/2"]
[WhiteTitle "FM"]
[BlackTitle "WFM"]
[WhiteElo "2249"]
[BlackElo "2162"]
[WhiteFideId "30973007"]
[BlackFideId "30929849"]
[EventDate "2025.07.15"]

1. d4 d5 2. Nf3 Nf6 3. e3 e6 4. Bd3 Bd6 5. O-O Nbd7 6. b3 e5 7. dxe5 Nxe5 8. Be2
Nxf3+ 9. Bxf3 Be5 10. c3 Bf5 11. Bb2 h5 12. g3 Qd7 13. Nd2 h4 14. Qe2 hxg3 15.
fxg3 Ng4 16. Bxg4 Bxg4 17. Nf3 Bf6 18. c4 Bxb2 19. Qxb2 f6 20. Rad1 Qe6 21. Rxd5
Qxe3+ 22. Qf2 Qxf2+ 23. Rxf2 Rd8 24. Rxd8+ Kxd8 25. Nd4 Ke7 26. Rf4 Bd7 27. Nc2
g5 28. Re4+ Kf7 29. Rd4 Be6 30. Ne1 c5 31. Rd2 Re8 32. Ng2 a6 33. h4 b5 34. hxg5
fxg5 35. Ne3 bxc4 36. Nxc4 Bxc4 37. bxc4 Re4 38. Rd5 Rxc4 39. Rxg5 Kf6 40. Rh5
a5 41. Kf2 Rc2+ 42. Ke3 Rxa2 43. Rxc5 Ra3+ 44. Kd4 Rxg3 45. Rxa5 Rg5 46. Rxg5
Kxg5 1/2-1/2

[Event "ch-USA Girls 2025"]
[Site "Saint Louis USA"]
[Date "2025.07.15"]
[Round "1.2"]
[White "Atwell, Rose"]
[Black "Gaw, Chloe"]
[Result "1-0"]
[WhiteTitle "FM"]
[BlackTitle "WIM"]
[WhiteElo "2271"]
[BlackElo "2172"]
[WhiteFideId "30951011"]
[BlackFideId "30966892"]
[EventDate "2025.07.15"]

1. e4 c5 2. Nf3 d6 3. Bb5+ Nd7 4. Ba4 Nf6 5. O-O a6 6. c4 e6 7. Nc3 Be7 8. d3
O-O 9. Bc2 b6 10. h3 Bb7 11. a4 Qc7 12. Qe2 Ne5 13. Ne1 Nc6 14. f4 Nd4 15. Qf2
Nd7 16. Ne2 Bf6 17. Ra2 d5 18. cxd5 exd5 19. e5 Bh4 20. g3 Nxe2+ 21. Qxe2 Bxg3
22. Ng2 Nxe5 23. Qxe5 Qxe5 24. fxe5 Bxe5 25. Bf4 Rfe8 26. Bxe5 Rxe5 27. Re1
Rxe1+ 28. Nxe1 Re8 29. Kf2 Re6 30. d4 Rf6+ 31. Nf3 Bc8 32. h4 Kf8 33. Ra3 cxd4
34. Kg3 Rc6 35. Nxd4 Rc4 36. Rc3 Rxd4 37. Rxc8+ Ke7 38. Rc7+ Kf8 39. Rc8+ Ke7
40. Rc7+ Kf8 41. h5 h6 42. b3 Rd2 43. Kf4 Rh2 44. Bd1 Rd2 45. Bf3 Rd3 46. Rb7
g5+ 47. hxg6 fxg6 48. Rxb6 g5+ 49. Kg3 h5 50. Kf2 g4 51. Be2 g3+ 52. Kg1 Re3 53.
Bxh5 d4 54. Rf6+ Ke7 55. Rf3 Re5 56. Bg6 Rg5 57. Bd3 a5 58. Kg2 Kd6 59. Rxg3 Re5
60. Kf3 Kc5 61. Kf4 Re7 62. Bc4 Re8 63. Rg5+ Kb4 64. Rb5+ Kc3 65. Rxa5 d3 66.
Bxd3 Kxd3 67. Rb5 Kd4 68. a5 Rf8+ 69. Kg5 Rf7 70. b4 Kc4 71. Rb6 Rf8 72. a6 Re8
73. a7 Ra8 74. Rb7 Kd5 75. b5 Ke5 76. b6 Rg8+ 77. Kh4 Kf4 78. Rf7+ Ke5 79. b7 1-0

[Event "ch-USA Girls 2025"]
[Site "Saint Louis USA"]
[Date "2025.07.15"]
[Round "1.3"]
[White "Wu, Rochelle"]
[Black "Tang, Zoey"]
[Result "1/2-1/2"]
[WhiteTitle "FM"]
[BlackTitle "FM"]
[WhiteElo "2213"]
[BlackElo "2371"]
[WhiteFideId "30908132"]
[BlackFideId "30952530"]
[EventDate "2025.07.15"]

1. e4 c5 2. Nf3 Nc6 3. d4 cxd4 4. Nxd4 Nf6 5. Nc3 d6 6. Bg5 e6 7. Bb5 Bd7 8. Qd3
Nxd4 9. Bxd7+ Qxd7 10. Qxd4 Be7 11. O-O-O a6 12. Bxf6 gxf6 13. f4 Qc7 14. f5 Rc8
15. Kb1 b5 16. Rd2 Qc5 17. Qd3 O-O 18. Ne2 Qe5 19. Nd4 Kh8 20. fxe6 fxe6 21. Qh3
Rc4 22. Nf3 Qf4 23. Qxe6 Rxe4 24. Qd5 f5 25. Rhd1 Qe3 26. Qb7 Qc5 27. Rd5 Qf2
28. Rxf5 Rc4 29. Rxf8+ Bxf8 30. Rc1 Qxg2 31. Qf7 Bh6 32. Qf6+ Qg7 33. Qxd6 Bxc1
34. Qd8+ Qg8 35. Qf6+ Qg7 36. Qd8+ Qg8 37. Qf6+ Qg7 38. Qd8+ 1/2-1/2

[Event "ch-USA Girls 2025"]
[Site "Saint Louis USA"]
[Date "2025.07.15"]
[Round "1.4"]
[White "Yan, Ruiyang"]
[Black "Qiu, Laurie"]
[Result "1-0"]
[WhiteTitle "FM"]
[BlackTitle "WFM"]
[WhiteElo "2209"]
[BlackElo "2031"]
[WhiteFideId "30919860"]
[BlackFideId "30998190"]
[EventDate "2025.07.15"]

1. e4 e5 2. Nf3 Nc6 3. Bb5 Nf6 4. d3 Bc5 5. c3 d5 6. Nbd2 dxe4 7. dxe4 O-O 8.
O-O a5 9. Qe2 Qe7 10. a4 Nb8 11. Nb3 Bd6 12. h3 Be6 13. Bc4 Nbd7 14. Bg5 h6 15.
Bh4 Rfd8 16. Rfe1 Nf8 17. Nc1 Ng6 18. Bxe6 Qxe6 19. Bxf6 Nf4 20. Qe3 Qxf6 21.
Nd3 Nxd3 22. Qxd3 Qe6 23. Qc2 c6 24. Red1 Bc7 25. b3 b5 26. Rdb1 Qd6 27. c4 Qc5
28. Rc1 b4 29. Rd1 Rxd1+ 30. Rxd1 Rd8 31. Rxd8+ Bxd8 32. Qb2 f6 33. Qd2 Bb6 34.
Nh4 Qd4 35. Qxd4 Bxd4 36. Kf1 Kf7 37. Nf5 Bc5 38. g3 h5 39. Ke2 g5 40. f3 Kg6
41. Kf1 Kh7 42. Kg2 Kg6 43. Kh2 Kh7 44. Kh1 Kg6 45. Kg2 Kh7 46. h4 g4 47. fxg4
hxg4 48. h5 Kg8 49. Nh6+ Kg7 50. Nxg4 Bd4 51. Kf3 Bc5 52. Nh2 Kh6 53. Kg4 Be3
54. Nf3 Bc5 55. Kf5 Bd4 56. Kxf6 Kxh5 57. Kf5 c5 58. g4+ Kh6 59. Kf6 Bc3 60. g5+
Kh7 61. Kf7 Bd4 62. g6+ Kh6 63. g7 1-0

[Event "ch-USA Girls 2025"]
[Site "Saint Louis USA"]
[Date "2025.07.15"]
[Round "1.5"]
[White "Su, Jasmine Zhixin"]
[Black "Mou, Iris"]
[Result "0-1"]
[BlackTitle "WIM"]
[WhiteElo "2189"]
[BlackElo "2271"]
[WhiteFideId "30974909"]
[BlackFideId "30939836"]
[EventDate "2025.07.15"]

1. e4 e5 2. Nf3 Nc6 3. Bc4 Nf6 4. d3 d5 5. exd5 Nxd5 6. O-O Nb6 7. Bb3 Bg4 8.
Re1 Qe7 9. a4 a5 10. Be3 f6 11. Nbd2 O-O-O 12. Ne4 Kb8 13. h3 Bf5 14. Ng3 Bc8
15. c3 g5 16. Nh2 f5 17. Nf3 h6 18. Qe2 Nd5 19. Bxd5 Rxd5 20. c4 Rd8 21. Bd2 f4
22. Nf1 Bg7 23. Bc3 Bf5 24. Rad1 Rhe8 25. b3 h5 26. N3h2 g4 27. hxg4 hxg4 28.
Nxg4 e4 29. Bxg7 Qxg7 30. Ngh2 f3 31. Nxf3 exf3 32. Qxf3 Nd4 33. Qf4 Bg4 34.
Rxe8 Rxe8 0-1

[Event "ch-USA Girls 2025"]
[Site "Saint Louis USA"]
[Date "2025.07.16"]
[Round "2.1"]
[White "Wu, Rochelle"]
[Black "Atwell, Rose"]
[Result "0-1"]
[WhiteTitle "FM"]
[BlackTitle "FM"]
[WhiteElo "2213"]
[BlackElo "2271"]
[WhiteFideId "30908132"]
[BlackFideId "30951011"]
[EventDate "2025.07.15"]

1. d4 Nf6 2. Nf3 d5 3. Bf4 e6 4. e3 Bd6 5. Ne5 O-O 6. Nd2 c5 7. c3 b6 8. h4 Ba6
9. Bxa6 Nxa6 10. Qe2 Nb8 11. h5 h6 12. g4 Bxe5 13. Bxe5 Nfd7 14. Bg3 Nc6 15. Nf3
Qe7 16. O-O-O b5 17. Qxb5 Rfc8 18. Kb1 a5 19. g5 hxg5 20. h6 g6 21. h7+ Kh8 22.
Qb7 Qe8 23. dxc5 f6 24. Bd6 a4 25. Nd4 Ra7 26. Qb5 Ra5 27. Qe2 Nxc5 28. Qf3 Ne4
29. Nxc6 Qxc6 30. Bb4 d4 31. Qe2 dxc3 32. Qc2 Rb5 33. a3 g4 34. Rh2 Nd2+ 35. Ka1
cxb2+ 36. Qxb2 Nb3+ 37. Ka2 e5 38. Qc3 Qe6 39. Kb2 Nc1 40. Qxc1 Qb3+ 41. Ka1
Rxc1+ 42. Rxc1 Rb8 43. Rhh1 g3 44. fxg3 Qxe3 45. g4 Qd4+ 46. Ka2 Qxg4 47. Rcd1
Qc4+ 48. Ka1 e4 49. Rc1 Qb3 50. Rc3 Qe6 51. Re3 Rc8 52. Bc3 Kg7 53. Bb2 Rh8 54.
Rf1 Rf8 55. Rh1 Rh8 56. Rf1 Rxh7 57. Rxf6 Qxf6 58. Bxf6+ Kxf6 59. Rxe4 Rh2 60.
Rxa4 g5 61. Rb4 Kf5 62. a4 g4 63. Rb5+ Kf4 64. Rb4+ Kg5 65. Rb5+ Kh4 66. Rb4 Kh3
67. a5 g3 68. Rb3 Rf2 69. a6 Kh2 70. Rb2 Kh3 71. a7 Rf8 72. Rb3 Kh2 73. Rb8 g2
74. a8=Q g1=Q+ 75. Kb2 Qf2+ 76. Kb1 Qf5+ 77. Ka2 Qc2+ 78. Ka3 Qc3+ 79. Ka4 Rf4+ 0-1

[Event "ch-USA Girls 2025"]
[Site "Saint Louis USA"]
[Date "2025.07.16"]
[Round "2.2"]
[White "Tang, Zoey"]
[Black "Mou, Iris"]
[Result "1/2-1/2"]
[WhiteTitle "FM"]
[BlackTitle "WIM"]
[WhiteElo "2371"]
[BlackElo "2271"]
[WhiteFideId "30952530"]
[BlackFideId "30939836"]
[EventDate "2025.07.15"]

1. d4 d5 2. Nf3 Nf6 3. c4 dxc4 4. e3 Bg4 5. Bxc4 e6 6. h3 Bh5 7. Nc3 Nc6 8. O-O
Bd6 9. Bb5 O-O 10. Bxc6 bxc6 11. e4 Bb4 12. Qd3 c5 13. e5 Nd5 14. Bg5 Ne7 15. d5
h6 16. Bxe7 Qxe7 17. d6 Qd7 18. Nd2 Bg6 19. Qg3 Bxc3 20. bxc3 cxd6 21. exd6 Rad8
22. Nc4 Be4 23. Rad1 Qa4 24. Ne3 Qa6 25. c4 f6 26. Qg4 f5 27. Qf4 Rf6 28. Qe5
Qa3 29. Rfe1 Rg6 30. d7 Qa5 31. Kh2 Bc6 32. Rg1 Bxd7 33. Nxf5 exf5 34. Rxd7 Rxd7
35. Qe8+ Kh7 36. Qxd7 Qxa2 37. Qxf5 Qxc4 38. Re1 Qa6 39. Qxc5 Qd6+ 40. Qxd6 Rxd6
41. Re7 Ra6 42. g4 Ra4 43. Kg3 Kg6 44. f4 Ra3+ 45. Kg2 Ra2+ 46. Kf3 Kf6 47. Rc7
Ra3+ 48. Ke4 Ra4+ 49. Kf3 Ra3+ 50. Ke4 Ra4+ 51. Kf3 1/2-1/2

[Event "ch-USA Girls 2025"]
[Site "Saint Louis USA"]
[Date "2025.07.16"]
[Round "2.3"]
[White "Li, Rachael"]
[Black "Su, Jasmine Zhixin"]
[Result "1/2-1/2"]
[WhiteTitle "WFM"]
[WhiteElo "2162"]
[BlackElo "2189"]
[WhiteFideId "30929849"]
[BlackFideId "30974909"]
[EventDate "2025.07.15"]

1. Nf3 c5 2. b3 Nf6 3. Bb2 Nc6 4. e3 g6 5. d4 cxd4 6. Nxd4 Bg7 7. Nd2 b6 8. Nxc6
dxc6 9. Bd3 O-O 10. Qe2 Qc7 11. Nf3 Rd8 12. Be5 Qd7 13. O-O-O Qe8 14. e4 Nh5 15.
Qe3 Bg4 16. Bxg7 Nxg7 17. e5 Ne6 18. Bc4 Rxd1+ 19. Rxd1 Rd8 20. Rxd8 Qxd8 21.
Bxe6 Bxe6 22. Nd4 Bd5 23. g4 c5 24. Ne2 Qd7 25. c4 Bc6 26. h3 f6 27. Nf4 Qc7 28.
Nd3 Qd7 29. f4 Kg7 30. Kc2 f5 31. Nf2 h6 32. g5 h5 33. h4 e6 34. Qd2 Qxd2+ 35.
Kxd2 Kf7 36. Kc3 Ke7 37. b4 cxb4+ 38. Kxb4 Kd7 39. Kc3 b5 40. a3 Kc7 41. Nd3
bxc4 42. Kxc4 Kb6 43. Nc5 Bd5+ 44. Kd4 Kc6 45. Na6 Kb6 46. Nc5 Kc6 47. Na6 Kb6
48. Nc5 Kc6 1/2-1/2

[Event "ch-USA Girls 2025"]
[Site "Saint Louis USA"]
[Date "2025.07.16"]
[Round "2.4"]
[White "Gaw, Chloe"]
[Black "Yan, Ruiyang"]
[Result "1/2-1/2"]
[WhiteTitle "WIM"]
[BlackTitle "FM"]
[WhiteElo "2172"]
[BlackElo "2209"]
[WhiteFideId "30966892"]
[BlackFideId "30919860"]
[EventDate "2025.07.15"]

1. d4 Nf6 2. c4 e6 3. Nc3 Bb4 4. Qc2 d5 5. a3 Bxc3+ 6. Qxc3 dxc4 7. Qxc4 b6 8.
Bf4 Ba6 9. Qxc7 Qd5 10. Qd6 Qa5+ 11. Qb4 Nc6 12. Qxa5 Nxa5 13. h4 Nd5 14. Bg3
Rc8 15. e4 Bxf1 16. Kxf1 Nf6 17. f3 Rc2 18. Ne2 Nb3 19. Rd1 Rxb2 20. Kf2 Kd7 21.
Rb1 Rxb1 22. Rxb1 Nd2 23. Rc1 Rc8 24. Rxc8 Kxc8 25. Nc3 Nc4 26. a4 Kd7 27. Ke2
Ne8 28. Kd3 Nb2+ 29. Kc2 Nc4 30. Bf4 Ned6 31. g4 Kc6 32. h5 a6 33. Kd3 Nb2+ 34.
Kc2 Nbc4 35. Kd3 Nb2+ 36. Kc2 Nbc4 37. Kd3 1/2-1/2

[Event "ch-USA Girls 2025"]
[Site "Saint Louis USA"]
[Date "2025.07.16"]
[Round "2.5"]
[White "Qiu, Laurie"]
[Black "Paragua, Megan Althea"]
[Result "0-1"]
[WhiteTitle "WFM"]
[BlackTitle "FM"]
[WhiteElo "2031"]
[BlackElo "2249"]
[WhiteFideId "30998190"]
[BlackFideId "30973007"]
[EventDate "2025.07.15"]

1. d4 d5 2. c4 e6 3. Nf3 c6 4. e3 Nd7 5. Nc3 Ngf6 6. Be2 Bd6 7. O-O O-O 8. b3 b6
9. Bb2 Bb7 10. Bd3 Re8 11. Re1 Rc8 12. Rc1 e5 13. dxe5 Nxe5 14. cxd5 cxd5 15.
Be2 Nxf3+ 16. Bxf3 Be5 17. Qe2 Qd7 18. Red1 d4 19. Na4 Rxc1 20. Bxc1 Bxf3 21.
Qxf3 Qc7 22. exd4 Bxd4 23. g3 Qc2 24. Rxd4 Qxc1+ 25. Rd1 Qc2 26. Nc3 h5 27. Qd3
Re1+ 28. Kg2 Qxd3 29. Rxd3 g5 30. Nb5 Re2 31. a4 a6 32. Nc7 Rb2 33. Nxa6 Ne4 34.
Rf3 g4 35. Rf5 Kg7 36. h3 gxh3+ 37. Kxh3 Kg6 38. Rb5 Rxf2 39. g4 hxg4+ 40. Kxg4
f5+ 41. Kh3 Kh5 42. Nc7 Rf3+ 43. Kg2 Kg4 44. Rxb6 Rf2+ 45. Kg1 Rd2 46. Ne6 Kg3
47. Kf1 Nc3 0-1

[Event "ch-USA Girls 2025"]
[Site "Saint Louis USA"]
[Date "2025.07.17"]
[Round "3.1"]
[White "Yan, Ruiyang"]
[Black "Wu, Rochelle"]
[Result "1-0"]
[WhiteTitle "FM"]
[BlackTitle "FM"]
[WhiteElo "2209"]
[BlackElo "2213"]
[WhiteFideId "30919860"]
[BlackFideId "30908132"]
[EventDate "2025.07.15"]

1. e4 c5 2. Nf3 Nc6 3. d4 cxd4 4. Nxd4 Nf6 5. Nc3 e5 6. Ndb5 d6 7. Nd5 Nxd5 8.
exd5 Ne7 9. c4 Ng6 10. Qa4 Bd7 11. Qb4 Qb8 12. h4 h5 13. Be2 Be7 14. Bg5 a5 15.
Qb3 Bxg5 16. hxg5 Nf4 17. Bf3 a4 18. Qa3 Bxb5 19. cxb5 Qd8 20. g3 Ng6 21. Rxh5
Rxh5 22. Bxh5 Qxg5 23. Be2 Ke7 24. Qc3 Rd8 25. Qc1 Qf5 26. Qc7+ Rd7 27. Qc4 e4
28. b6 Qe5 29. Rc1 f5 30. Qc3 Kf6 31. Qxe5+ Nxe5 32. Rc7 Re7 33. Kd2 g5 34. Ke3
Ng6 35. Ba6 f4+ 36. gxf4 gxf4+ 37. Ke2 Ne5 38. Bxb7 Nd7 39. Rc6 Ke5 40. Rc7 Kf6
41. Rxd7 Rxd7 42. Bc8 1-0

[Event "ch-USA Girls 2025"]
[Site "Saint Louis USA"]
[Date "2025.07.17"]
[Round "3.2"]
[White "Atwell, Rose"]
[Black "Tang, Zoey"]
[Result "1/2-1/2"]
[WhiteTitle "FM"]
[BlackTitle "FM"]
[WhiteElo "2271"]
[BlackElo "2371"]
[WhiteFideId "30951011"]
[BlackFideId "30952530"]
[EventDate "2025.07.15"]

1. e4 e5 2. Nf3 Nf6 3. Nxe5 d6 4. Nf3 Nxe4 5. Nc3 Nxc3 6. dxc3 Be7 7. Be3 O-O 8.
Qd2 Nd7 9. O-O-O c6 10. h4 d5 11. h5 h6 12. Nd4 Nf6 13. f3 c5 14. Nb3 Qc7 15.
Kb1 Be6 16. Bf4 Qd8 17. g4 Nd7 18. Rg1 Bg5 19. Bxg5 hxg5 20. f4 gxf4 21. Qxf4
Qf6 22. Qd2 Rfd8 23. g5 Qe7 24. Re1 Qd6 25. g6 f6 26. Qe3 Re8 27. Bb5 a6 28.
Bxd7 Bxd7 29. Qxc5 Qxc5 30. Nxc5 Bg4 31. Rxe8+ Rxe8 32. Nxb7 Bxh5 33. b4 f5 34.
Nc5 Be2 35. Re1 f4 36. Kc1 f3 37. Kd2 f2 38. Rxe2 Rf8 39. Rxf2 Rxf2+ 40. Kd3 Rf6
41. Kd4 Rxg6 42. Kxd5 Kf7 43. c4 Rb6 44. Nd3 Ke7 45. c5 Rh6 46. c4 Kd7 47. b5
Kc7 48. Nf4 axb5 49. cxb5 g5 50. Ne6+ Rxe6 51. Kxe6 g4 52. b6+ Kc6 53. b7 Kxb7
54. Kd7 g3 55. c6+ Ka7 56. c7 g2 57. c8=Q g1=Q 58. Qc7+ Ka8 59. Qc6+ Ka7 60.
Qa4+ Kb7 61. Qb3+ Qb6 62. Qc4 Qg1 63. Qc6+ Ka7 64. Qc7+ Ka8 65. Qd8+ Kb7 66. Qe7
Ka6 67. Qe2+ Ka7 68. Kc6 Qg6+ 69. Kd5 Qf7+ 70. Kd4 Qf6+ 71. Kd3 Qa6+ 72. Ke3
Qxe2+ 73. Kxe2 Ka6 74. Kd3 Kb5 75. Kc3 Ka4 76. Kb2 Kb4 77. Kc2 Ka3 78. Kd1 Kxa2 1/2-1/2

[Event "ch-USA Girls 2025"]
[Site "Saint Louis USA"]
[Date "2025.07.17"]
[Round "3.3"]
[White "Su, Jasmine Zhixin"]
[Black "Qiu, Laurie"]
[Result "1-0"]
[BlackTitle "WFM"]
[WhiteElo "2189"]
[BlackElo "2031"]
[WhiteFideId "30974909"]
[BlackFideId "30998190"]
[EventDate "2025.07.15"]

1. e4 e5 2. Nf3 Nc6 3. Bc4 Bc5 4. c3 Nf6 5. d3 d6 6. O-O a5 7. Re1 Ba7 8. Nbd2
O-O 9. h3 Be6 10. Bb5 Ne7 11. d4 Ng6 12. Bd3 Nh5 13. Nf1 Nhf4 14. Bc2 Qd7 15. h4
Bg4 16. Bxf4 exf4 17. Qd3 Qe7 18. g3 fxg3 19. fxg3 c5 20. N1h2 Qd7 21. Nxg4 Qxg4
22. Kh2 cxd4 23. cxd4 Rac8 24. Bd1 d5 25. exd5 Rfd8 26. Re4 Qd7 27. Bb3 a4 28.
Bc4 f5 29. Re2 f4 30. g4 Rxc4 31. Qxc4 Qxg4 32. Rf1 Nxh4 33. d6+ Kh8 34. Ne5
Qg3+ 35. Kh1 g6 36. Rg1 Qh3+ 37. Rh2 Qf5 38. Rxh4 Rc8 39. Qxc8+ Qxc8 40. Nxg6+
Kg7 41. Ne7+ 1-0

[Event "ch-USA Girls 2025"]
[Site "Saint Louis USA"]
[Date "2025.07.17"]
[Round "3.4"]
[White "Paragua, Megan Althea"]
[Black "Gaw, Chloe"]
[Result "1-0"]
[WhiteTitle "FM"]
[BlackTitle "WIM"]
[WhiteElo "2249"]
[BlackElo "2172"]
[WhiteFideId "30973007"]
[BlackFideId "30966892"]
[EventDate "2025.07.15"]

1. e4 c5 2. Nf3 d6 3. d4 cxd4 4. Qxd4 Nc6 5. Bb5 a6 6. Bxc6+ bxc6 7. e5 f6 8.
exd6 e5 9. Qa4 Qxd6 10. O-O Ne7 11. Nbd2 Nd5 12. c4 Nb6 13. Qc2 Be6 14. Ne4 Qc7
15. b3 c5 16. Ng3 Nc8 17. Re1 Be7 18. Bb2 O-O 19. Nf5 Nd6 20. N3h4 Nxf5 21. Nxf5
Qd7 22. Ne3 Rfd8 23. Rad1 Qc6 24. Bc3 Ra7 25. Rxd8+ Bxd8 26. Rd1 Rd7 27. Rd3 Bc7
28. Rxd7 Qxd7 29. Qe4 Bd8 30. Qa8 Qc8 31. Qxc8 Bxc8 32. Bb2 Kf7 33. Ba3 Bb6 34.
f3 Ke6 35. Nd1 Kd6 36. Kf2 Bf5 37. Nb2 Bb1 38. Na4 Kc6 39. Nc3 Bc2 40. Ke2 Ba5
41. Na4 Bb4 42. Bb2 Bb1 43. a3 Ba5 44. Bc3 Bxc3 45. Nxc3 Bg6 46. Nd5 Kd6 47. b4
cxb4 48. axb4 Be8 49. Nc3 Bf7 50. Kd3 Bg6+ 51. Kd2 f5 52. Na4 Kc6 53. Nb2 Bf7
54. Kc3 Be6 55. Nd3 Kd6 56. f4 exf4 57. Nxf4 Bc8 58. Kd4 Bb7 59. c5+ Kc6 60. Ne6
Kb5 61. Kc3 a5 62. Nd4+ Ka6 63. b5+ Ka7 64. Nxf5 Bxg2 65. Nxg7 Bf1 66. b6+ Kb7
67. Ne6 Bb5 68. Ng5 h6 69. Nf7 h5 70. Nd6+ 1-0

[Event "ch-USA Girls 2025"]
[Site "Saint Louis USA"]
[Date "2025.07.17"]
[Round "3.5"]
[White "Mou, Iris"]
[Black "Li, Rachael"]
[Result "0-1"]
[WhiteTitle "WIM"]
[BlackTitle "WFM"]
[WhiteElo "2271"]
[BlackElo "2162"]
[WhiteFideId "30939836"]
[BlackFideId "30929849"]
[EventDate "2025.07.15"]

1. e4 c5 2. Nf3 Nc6 3. Bb5 d6 4. O-O Bd7 5. Re1 a6 6. Bf1 Bg4 7. c3 e6 8. h3
Bxf3 9. Qxf3 g5 10. d3 h5 11. Qd1 Qf6 12. Be3 g4 13. hxg4 hxg4 14. Qxg4 Bh6 15.
Nd2 Nge7 16. Nc4 O-O-O 17. Qg3 Ne5 18. Nxe5 dxe5 19. Bxh6 Rxh6 20. Qe3 Rdh8 21.
f4 exf4 22. Qxc5+ Nc6 23. Kf2 f3 24. gxf3 Rh2+ 25. Bg2 Qh4+ 26. Kf1 Rg8 27. Qg1
Rgxg2 28. Qxg2 Rxg2 29. Kxg2 Ne5 30. Re3 Ng6 31. Rg1 Nf4+ 32. Kf1 Qh3+ 33. Ke1
Ng2+ 34. Kf2 Nxe3 35. Kxe3 Qh2 36. Rg8+ Kd7 37. b4 Qxa2 38. Rb8 b5 39. Rb7+ Ke8
40. Rb8+ Ke7 41. Rb7+ Kf6 42. Rc7 Qh2 43. Rc5 Qg1+ 44. Ke2 a5 45. Rxb5 a4 46.
Ra5 Qb1 47. b5 a3 48. b6 Qxb6 49. Rxa3 Qb2+ 0-1

[Event "ch-USA Girls 2025"]
[Site "Saint Louis USA"]
[Date "2025.07.18"]
[Round "4.1"]
[White "Atwell, Rose"]
[Black "Yan, Ruiyang"]
[Result "0-1"]
[WhiteTitle "FM"]
[BlackTitle "FM"]
[WhiteElo "2271"]
[BlackElo "2209"]
[WhiteFideId "30951011"]
[BlackFideId "30919860"]
[EventDate "2025.07.15"]

1. e4 d6 2. d4 Nf6 3. Nc3 e5 4. Nf3 Nbd7 5. Bc4 Be7 6. O-O O-O 7. Re1 c6 8. a4
h6 9. h3 Re8 10. b3 a5 11. Ba3 Qc7 12. Qd2 Nb6 13. Bf1 Be6 14. Rad1 Bf8 15. Qe3
Nbd7 16. d5 cxd5 17. exd5 Bf5 18. Nb5 Qb8 19. c4 b6 20. Nd2 Nc5 21. Bxc5 bxc5
22. Bd3 Bxd3 23. Qxd3 Qc8 24. Ne4 Nxe4 25. Qxe4 Qd7 26. g4 g6 27. Qe3 Rab8 28.
Rd3 Kh7 29. Qf3 Bg7 30. h4 f5 31. gxf5 gxf5 32. Qh3 e4 33. Rde3 Bd4 34. R3e2 Be5
35. Kh1 Qf7 36. f4 exf3 37. Rf2 Rg8 38. Rxf3 Rbf8 39. Ref1 f4 40. R3f2 Qh5 41.
Qf3 Rg4 42. Rh2 Rfg8 43. Rh3 Qg6 44. Qd1 f3 45. h5 Qe4 46. Rfxf3 Qxf3+ 47. Rxf3
Rh4+ 0-1

[Event "ch-USA Girls 2025"]
[Site "Saint Louis USA"]
[Date "2025.07.18"]
[Round "4.2"]
[White "Tang, Zoey"]
[Black "Li, Rachael"]
[Result "1-0"]
[WhiteTitle "FM"]
[BlackTitle "WFM"]
[WhiteElo "2371"]
[BlackElo "2162"]
[WhiteFideId "30952530"]
[BlackFideId "30929849"]
[EventDate "2025.07.15"]

1. d4 Nf6 2. c4 e6 3. Nf3 d5 4. e3 c5 5. cxd5 exd5 6. Bb5+ Nbd7 7. dxc5 Bxc5 8.
O-O a6 9. Be2 O-O 10. Nc3 Nb8 11. a3 Bd6 12. b4 Bc7 13. Bb2 Qd6 14. g3 Bh3 15.
Re1 Nc6 16. Rc1 Rfe8 17. Nd4 Nxd4 18. Qxd4 Bb6 19. Qd3 d4 20. Na4 Qd5 21. f3 Ba7
22. Bxd4 Bf5 23. Qd1 Bxd4 24. Qxd4 Qa2 25. Bc4 Qxa3 26. Ra1 Rad8 27. Qxd8 Qxa1
28. Qxe8+ Nxe8 29. Rxa1 b5 30. Nc3 bxc4 31. Rxa6 Nc7 32. Ra7 Nd5 33. Ra8+ Bc8
34. Rxc8# 1-0

[Event "ch-USA Girls 2025"]
[Site "Saint Louis USA"]
[Date "2025.07.18"]
[Round "4.3"]
[White "Qiu, Laurie"]
[Black "Mou, Iris"]
[Result "0-1"]
[WhiteTitle "WFM"]
[BlackTitle "WIM"]
[WhiteElo "2031"]
[BlackElo "2271"]
[WhiteFideId "30998190"]
[BlackFideId "30939836"]
[EventDate "2025.07.15"]

1. e4 c6 2. d4 d5 3. exd5 cxd5 4. Bd3 Nc6 5. c3 e6 6. Bf4 Bd6 7. Bxd6 Qxd6 8.
Nf3 Nge7 9. O-O O-O 10. Re1 Bd7 11. Nbd2 f6 12. c4 Be8 13. a3 a5 14. Rc1 Bf7 15.
Nf1 dxc4 16. Bxc4 Nf5 17. Qb3 a4 18. Qb6 Rfd8 19. Rcd1 Ne5 20. Qxd6 Nxf3+ 21.
gxf3 Rxd6 22. d5 exd5 23. Ng3 Nh4 24. Re3 Rad8 25. Red3 Nxf3+ 26. Rxf3 dxc4 27.
Rxd6 Rxd6 28. Nf5 Rd1+ 29. Kg2 Bd5 30. Ne7+ Kf7 31. Nxd5 Rxd5 32. Rc3 b5 33. Rc2
Rd3 34. Re2 h5 35. f3 g5 36. h3 Rb3 37. Kg3 c3 38. bxc3 Rxa3 39. Rc2 h4+ 40. Kf2
Rb3 41. Ke2 a3 42. Kd2 Rb2 43. Rxb2 axb2 44. Kc2 f5 45. Kxb2 g4 46. fxg4 fxg4 0-1

[Event "ch-USA Girls 2025"]
[Site "Saint Louis USA"]
[Date "2025.07.18"]
[Round "4.4"]
[White "Gaw, Chloe"]
[Black "Su, Jasmine Zhixin"]
[Result "0-1"]
[WhiteTitle "WIM"]
[WhiteElo "2172"]
[BlackElo "2189"]
[WhiteFideId "30966892"]
[BlackFideId "30974909"]
[EventDate "2025.07.15"]

1. d4 Nf6 2. c4 g6 3. Nc3 d5 4. cxd5 Nxd5 5. Na4 Bg7 6. e4 Nb6 7. Nf3 O-O 8. Be3
Bg4 9. Be2 Nc6 10. d5 Bxf3 11. gxf3 Ne5 12. Nxb6 axb6 13. f4 Nd7 14. e5 e6 15.
Bf3 exd5 16. Qxd5 c6 17. Qd6 Nc5 18. Qxd8 Rfxd8 19. O-O f6 20. b4 fxe5 21. fxe5
Nd7 22. e6 Ne5 23. Be2 b5 24. Bc5 Re8 25. Rae1 Rxe6 26. f4 Nf7 27. Bg4 Rxe1 28.
Rxe1 Bf8 29. Re2 Bxc5+ 30. bxc5 Kf8 31. Kf2 Ra4 32. Kg3 Rc4 33. Bc8 Rxc5 34. Re6
Nd8 35. Re2 Rd5 36. h4 c5 37. f5 c4 38. Kf4 c3 39. Rc2 Rc5 40. Bd7 Ke7 41. fxg6
Kxd7 42. gxh7 Nf7 43. Ke4 Rh5 44. Rxc3 Rxh7 45. Kd5 Rh5+ 46. Kd4 Rxh4+ 47. Kd5
Rh5+ 48. Kd4 Nd8 49. Rb3 Nc6+ 50. Ke4 Kc7 51. Rb2 Kb6 52. Kd3 b4 53. Kc4 Rh4+
54. Kd5 Kb5 55. a3 Rh3 56. axb4 Nxb4+ 57. Kd6 Kc4 58. Kc7 b5 59. Kb6 Rh6+ 0-1

[Event "ch-USA Girls 2025"]
[Site "Saint Louis USA"]
[Date "2025.07.18"]
[Round "4.5"]
[White "Wu, Rochelle"]
[Black "Paragua, Megan Althea"]
[Result "1/2-1/2"]
[WhiteTitle "FM"]
[BlackTitle "FM"]
[WhiteElo "2213"]
[BlackElo "2249"]
[WhiteFideId "30908132"]
[BlackFideId "30973007"]
[EventDate "2025.07.15"]

1. d4 Nf6 2. c4 e6 3. Nc3 d5 4. cxd5 exd5 5. Bg5 Be7 6. e3 Ng8 7. Bf4 Nf6 8. Bg5
Ng8 9. Bf4 Nf6 10. Bg5 Ng8 1/2-1/2